| 000 | 00668nas a2200229 4500 | ||
|---|---|---|---|
| 001 | BR9600689 | ||
| 003 | BR-BrBNA | ||
| 005 | 20231205094642.0 | ||
| 007 | ta | ||
| 008 | 230509b bl.|||p| |||| 00| 00por d | ||
| 040 |
_aBR-BrBNA _bpor _cBiblioteca Nacional de Agricultura |
||
| 041 | _a(Pt) | ||
| 072 | _aL10 | ||
| 100 | 1 | _aFroilano, A. | |
| 245 | 1 | _aMatriz ana: uma alternativa viavel? | |
| 650 | _aFrango de Corte | ||
| 650 | _aMatriz | ||
| 650 | _aSelecao Genetica | ||
| 773 | 0 |
_tAvicultura e Suinocultura Industrial (Brazil) _xISSN 0100-5804 _g(Feb 1993), v. 83(996) p. 20-25 _wBR9600689 |
|
| 909 |
_a202311 _bLúcia _c55 _dLúcia Elande |
||
| 942 |
_2AGRIS _n0 _cANA |
||
| 999 |
_c145901 _d145901 |
||